[Event "RUS Central Region-ch U18"]
[Site "Tula"]
[Date "2004.11.07"]
[Round "6"]
[White "Ryzhov, Ivan"]
[Black "Moiseev, Vladimir"]
[Result "1/2-1/2"]
[WhiteElo "2255"]
[BlackElo "2172"]
[PlyCount "56"]
[EventDate "2004.11.02"]
[EventType "swiss"]
[EventRounds "9"]
[EventCountry "RUS"]
[SourceTitle "EXT 2006"]
[Source "ChessBase"]
[SourceDate "2005.11.24"]
[SourceVersion "1"]
[SourceVersionDate "2005.11.24"]
[SourceQuality "1"]

1. d4 Nf6 2. c4 g6 3. g3 Bg7 4. Bg2 d6 5. Nf3 0-0 6. 0-0 Nbd7 7. Nc3 e5 8. e4 exd4 9. Nxd4 a6 10. h3 Rb8 11. Be3 Re8 12. Qc2 Ne5 13. b3 c5 14. Nde2 b5 15. cxb5 axb5 16. Rfd1 Qc7 17. Bg5 h6 18. Bxf6 Bxf6 19. Nd5 Qd8 20. Nxf6+ Qxf6 21. f4 Nc6 22. e5 dxe5 23. Qxc5 exf4 24. Nxf4 Bb7 25. Nd5 Qe5 26. Qf2 Kg7 27. Rac1 Red8 28. Re1 Qd4 1/2-1/2

[Event "RUS-ch U16"]
[Site "Dagomys"]
[Date "2004.04.??"]
[Round "?"]
[White "Moiseev, Vladimir"]
[Black "Konovalov, Nikolay"]
[Result "0-1"]
[WhiteElo "2147"]
[BlackElo "2355"]
[PlyCount "70"]
[EventDate "2004.04.??"]
[EventType "swiss"]
[EventRounds "10"]
[EventCountry "RUS"]
[SourceTitle "EXT 2005"]
[Source "ChessBase"]
[SourceDate "2004.11.15"]
[SourceVersion "1"]
[SourceVersionDate "2004.11.15"]
[SourceQuality "1"]

1. e4 c5 2. Nf3 Nc6 3. d4 cxd4 4. Nxd4 e5 5. Nb5 d6 6. N1c3 a6 7. Na3 b5 8. Nd5 Nce7 9. Be3 Nxd5 10. Qxd5 Be6 11. Qd2 Nf6 12. Bd3 d5 13. exd5 Qxd5 14. 0-0 e4 15. Be2 Qxd2 16. Bxd2 Rc8 17. Rfc1 Bxa3 18. bxa3 Bc4 19. Bd1 0-0 20. Bb4 Rfd8 21. c3 Rd2 22. Bb3 Ng4 23. Rd1 Rcd8 24. Rxd2 Rxd2 25. Rd1 Rxd1+ 26. Bxd1 Ne5 27. Bb3 Nc6 28. Bd6 Bxb3 29. axb3 Na5 30. g4 Nxb3 31. Kg2 f6 32. h4 Kf7 33. f4 exf3+ 34. Kxf3 Nd2+ 35. Kf4 Kg6 0-1

[Event "Kaluga Tsiolkovsky Memorial op"]
[Site "Kaluga"]
[Date "2003.??.??"]
[Round "1"]
[White "Moiseev, Vladimir"]
[Black "Provotorov, Alexandr P"]
[Result "1/2-1/2"]
[WhiteElo "2060"]
[BlackElo "2420"]
[PlyCount "111"]
[EventDate "2003.??.??"]
[EventType "swiss"]
[EventRounds "9"]
[EventCountry "RUS"]
[SourceTitle "EXT 2005"]
[Source "ChessBase"]
[SourceDate "2004.11.15"]
[SourceVersion "1"]
[SourceVersionDate "2004.11.15"]
[SourceQuality "1"]

1. e4 e5 2. Nf3 Nc6 3. d4 exd4 4. Nxd4 d6 5. Nc3 Nf6 6. f3 Be7 7. Be3 0-0 8. Qd2 d5 9. Nxc6 bxc6 10. e5 Nd7 11. f4 Nc5 12. 0-0-0 Bf5 13. h3 f6 14. exf6 Rxf6 15. g4 Ne4 16. Qe1 Nxc3 17. Qxc3 Be4 18. Rh2 Qf8 19. Bd3 Bb4 20. Qb3 Bxd3 21. Qxd3 Rxf4 22. Rhh1 Rf3 23. Rhf1 Re8 24. Rxf3 Qxf3 25. Bxa7 Qxd3 26. Rxd3 Ra8 27. a3 Bd6 28. Be3 Kf7 29. Rc3 Ra6 30. Kd2 Be5 31. Rb3 d4 32. Bf2 Ke6 33. Kd3 Kd5 34. Rb8 c5 35. Rd8+ Bd6 36. c4+ dxc3 37. Kxc3 Ra4 38. Bg3 Re4 39. Bxd6 cxd6 40. Rd7 Re3+ 41. Kd2 Rxh3 42. Rxg7 Kd4 43. a4 Rh2+ 44. Kc1 Rh1+ 45. Kc2 c4 46. a5 Ra1 47. Rxh7 Rxa5 48. Rh6 d5 49. g5 Ra1 50. Rh4+ Ke5 51. Rg4 Kf5 52. Rg2 d4 53. g6 Ra8 54. g7 Rg8 55. Kd2 Kf6 56. Rg4 1/2-1/2

[Event "Kaluga Tsiolkovsky Memorial op"]
[Site "Kaluga"]
[Date "2003.??.??"]
[Round "3"]
[White "Moiseev, Vladimir"]
[Black "Voitsekhovsky, Stanislav"]
[Result "0-1"]
[WhiteElo "2060"]
[BlackElo "2527"]
[PlyCount "72"]
[EventDate "2003.??.??"]
[EventType "swiss"]
[EventRounds "9"]
[EventCountry "RUS"]
[SourceTitle "EXT 2005"]
[Source "ChessBase"]
[SourceDate "2004.11.15"]
[SourceVersion "1"]
[SourceVersionDate "2004.11.15"]
[SourceQuality "1"]

1. e4 c5 2. Nf3 Nc6 3. d4 cxd4 4. Nxd4 Nf6 5. Nc3 e5 6. Ndb5 d6 7. Bg5 a6 8. Na3 b5 9. Bxf6 gxf6 10. Nd5 Bg7 11. c3 Ne7 12. Nc2 f5 13. exf5 Bxf5 14. Nce3 Be6 15. g3 Nxd5 16. Nxd5 0-0 17. Bg2 f5 18. 0-0 a5 19. Qh5 Rc8 20. Rad1 b4 21. Rd2 bxc3 22. Nxc3 e4 23. Rfd1 Be5 24. g4 Kh8 25. gxf5 Rxf5 26. Qg4 e3 27. Rd3 exf2+ 28. Kf1 Qd7 29. Ne2 Rg8 30. Qe4 Qg7 31. Ng3 Rf4 32. Qc6 Qh6 33. Rxd6 Bxd6 34. Rxd6 Bc4+ 35. Ne2 Bxe2+ 36. Kxe2 f1Q+ 0-1